Písanie a kurzy odbornej angličtiny

Vplyv moderných komunikačných technológií a používanie angličtiny ako jazyka medzinárodného obchodu a podnikania. Ako moderné komunikačné technológie ovplyvňujú tradičný písomný prejav, príp. či ho môžu nahradiť. Do akej miery sú slovenskí pracovníci pripravení písomne komunikovať v angličtine. Aký...

Celý popis

Uložené v:
Podrobná bibliografia
Hlavný autor: Zelenayová, Alojzia, 1944-
Médium: Kapitola
Jazyk:Slovak
Predmet:
Tagy: Pridať tag
Žiadne tagy, Buďte prvý, kto otaguje tento záznam!

MARC

LEADER 00000nla$a2200000$$$4500
001 0114889
005 20240502072302.1
041 0 |a slo 
044 |a SK 
245 1 0 |a Písanie a kurzy odbornej angličtiny  |c Alojzia Zelenayová 
520 |a Vplyv moderných komunikačných technológií a používanie angličtiny ako jazyka medzinárodného obchodu a podnikania. Ako moderné komunikačné technológie ovplyvňujú tradičný písomný prejav, príp. či ho môžu nahradiť. Do akej miery sú slovenskí pracovníci pripravení písomne komunikovať v angličtine. Aký priestor sa v kurzoch odbornej angličtiny venuje písaniu (writing skill). Dôležitosť ovládania princípov efektívnej písomnej komunikácie v angličtine ako súčasti profesionálnej komunikácie v hospodárskej praxi. 
610 2 0 |a jazyky cudzie 
610 2 0 |a komunikácia 
610 2 0 |a angličtina 
610 2 0 |a prax odborná 
610 2 0 |a vzdelávanie 
610 2 0 |a technológie komunikačné 
100 1 |a Zelenayová, Alojzia, 1944-